| 000 | 00839cam a2200241Ia 4500 | ||
|---|---|---|---|
| 001 | 21535 | ||
| 003 | GBCCL | ||
| 005 | 20241126110350.0 | ||
| 008 | 741113s1972 cau 001 0 eng u | ||
| 035 | _a(OCoLC)01073698 | ||
| 040 |
_cPGP _dOCL _dPIT |
||
| 049 |
_aLBBK _c1-2 _aLBBT _aLBBC |
||
| 082 |
_a239 _bMCD |
||
| 092 |
_a239 _bM138 |
||
| 100 | 1 |
_aMcDowell, Josh. _91225 |
|
| 245 | 1 | 0 |
_aEvidence that demands a verdict : _bhistorical evidences for the Christian faith / _ccompiled by Josh McDowell. |
| 260 |
_a[San Bernardino, Calif. : _bCampus Crusade for Christ International, _c1972] |
||
| 300 |
_aix, 387 p. : _bill. ; _c24 cm. |
||
| 630 | 0 | 0 |
_aBible. _pO.T. _pPentateuch _xCriticism, interpretation, etc. _91595 |
| 630 | 0 | 0 |
_aBible. _pN.T. _pGospels _xCriticism, Form. _91596 |
| 650 | 0 |
_aApologetics _y20th century. _91383 |
|
| 942 |
_2ddc _cBK _021 |
||
| 999 |
_c967 _d967 |
||